000 00356nam a2200157Ia 4500
008 151213s9999 xx 000 0 und d
100 _aM.L. Jhingan
245 _aMacroeconomic theory
_cM.L. Jhingan
250 _a10th
260 _bVrinda
300 _a1114 p.
650 _aEconomics
650 _aEconomics
700 _aM.L. Jhingan
999 _c1037
_d1037